| 000 | 00982ntaaa2200301 4500 | ||
|---|---|---|---|
| 003 | 01 | ||
| 005 | 20251027203335.0 | ||
| 008 | 0714s1973 ag 01 | ||
| 020 | _a9789506832698 | ||
| 040 |
_aAR-BaBN _bspa _cAR-BaBN _eaacr _dRIC |
||
| 082 | _a220.07 L97 | ||
| 100 |
_aLum, Ada _93054 |
||
| 245 |
_aEstudio bíblico creativo / _cAda Lum, Ruth Siemens |
||
| 250 | _a2a ed. | ||
| 260 |
_aBuenos Aires : _bCerteza Argentina, _cc2020 |
||
| 300 |
_a217 p. ; _c24 cm. |
||
| 500 | _aGuías de estudio bíblico | ||
| 500 | _aTítulo original: Creative bible study | ||
| 500 | _aEd. original en inglés: International Fellowship of Evangelical Students | ||
| 500 | _aIncluye apéndice | ||
| 505 | _tI. Encuentros bíblicos | ||
| 505 | _tII. Preparación de materiales para el estudio bíblico | ||
| 505 | _tIII. Cómo enseñar a otros a estudiar la Biblia | ||
| 650 | _aESTUDIO BIBLICO | ||
| 650 | _aINTERPRETACION BIBLICA | ||
| 700 |
_aSiemens, Ruth _934242 |
||
| 942 | _cBK | ||
| 999 |
_c28910 _d28910 |
||